Подробности
| 000 -МАРКЕР |
| контрольное поле |
02646nam0a2200385 4500 |
| 001 - ИДЕНТИФИКАТОР ЗАПИСИ |
| контрольное поле |
RU\NLR\BIBL_A\022316582 |
| 005 - ИДЕНТИФИКАТОР ВЕРСИИ |
| контрольное поле |
20241106145129.0 |
| 010 ## - МЕЖДУНАРОДНЫЙ СТАНДАРТНЫЙ НОМЕР КНИГИ (ISBN) |
| Номер (ISBN) |
978-5-00187-886-5 |
| Тираж |
100 |
| 021 ## - НОМЕР ГОСУДАРСТВЕННОЙ РЕГИСТРАЦИИ |
| Код страны |
Российская Федерация |
| Номер |
КН-П-24-044102 |
| Номер Листа государственной регистраци |
КН-П-24-4391 |
| 035 ## - ДРУГИЕ СИСТЕМНЫЕ НОМЕРА |
| Идентификатор записи |
(NLR Aleph) 022316582 |
| 100 ## - ДАННЫЕ ОБЩЕЙ ОБРАБОТКИ |
| Данные общей обработки |
20240910d2024 u y0rusy50 ca |
| 101 0# - ЯЗЫК РЕСУРСА |
| Язык текста, звукозаписи и т.д. |
русский |
| 102 ## - СТРАНА ПУБЛИКАЦИИ ИЛИ ПРОИЗВОДСТВА |
| Страна публикации |
Российская Федерация |
| 105 ## - ПОЛЕ КОДИРОВАННЫХ ДАННЫХ: ТЕКСТОВЫЕ МАТЕРИАЛЫ, МОНОГРАФИЧЕСКИЕ |
| Кодированные данные о монографическом текстовом документе |
ac z 100ay |
| 181 #0 - ПОЛЕ КОДИРОВАННЫХ ДАННЫХ: ВИД СОДЕРЖАНИЯ |
| Код вида содержания (ISBD) |
i |
| Код характеристики содержания (ISBD) |
axxe |
| 182 #0 - ПОЛЕ КОДИРОВАННЫХ ДАННЫХ: ТИП СРЕДСТВА |
| Код типа средства (ISBD) |
n - непосредственное |
| 200 1# - ЗАГЛАВИЕ И СВЕДЕНИЯ ОБ ОТВЕТСТВЕННОСТИ |
| Основное заглавие |
Моя Югра |
| Сведения, относящиеся к заглавию |
сборник сценариев открытого конкурса историко-краеведческих авторских настольных игр и сценариев интеллектуальных игр |
| Первые сведения об ответственности |
Муниципальное образование - городской округ Югорск Ханты-Мансийского автономного округа - Югры, Автономная некоммерческая организация "Центр социально полезных услуг "Доброе сердце", Муниципальное бюджетное учреждение "Централизованная библиотечная система г. Югорска" |
| Последующие сведения об ответственности |
составитель И. Е. Голикова |
| 203 ## - ВИД СОДЕРЖАНИЯ И ТИП СРЕДСТВА |
| Вид содержания |
Текст |
| Дополнительные сведения об издании |
визуальный |
| Тип средства |
непосредственный |
| 210 ## - ПУБЛИКАЦИЯ, РАСПРОСТРАНЕНИЕ И ДР. |
| Место издания, распространения и т.д. |
Новокузнецк |
| Имя издателя, распространителя и т. д. |
Союз писателей |
| Дата издания, распространения и т.д. |
2024 |
| 215 ## - ФИЗИЧЕСКАЯ ХАРАКТЕРИСТИКА |
| Специфическое обозначение материала и объем |
112, [3] с. |
| Другие сведения о физической характеристике |
ил., портр. |
| Размеры |
22 |
| 606 1# - НАИМЕНОВАНИЕ ТЕМЫ КАК ПРЕДМЕТ |
| Наименование темы |
Игры интеллектуальные |
| Формальный подзаголовок |
Сборники |
| Географический подзаголовок |
Ханты-Мансийский автономный округ-Югра |
| Системный номер авторитетной/нормативной записи |
2646874 |
| Идентификатор авторитетной/нормативной записи |
RU\NLR\AUTH\6601746356 |
| 606 1# - НАИМЕНОВАНИЕ ТЕМЫ КАК ПРЕДМЕТ |
| Наименование темы |
Библиотеки |
| Формальный подзаголовок |
Сборники |
| Тематический подзаголовок |
Работа с читателем |
| Географический подзаголовок |
Ханты-Мансийский автономный округ-Югра |
| Системный номер авторитетной/нормативной записи |
2646889 |
| Идентификатор авторитетной/нормативной записи |
RU\NLR\AUTH\6601746376 |
| 686 1# - ИНДЕКСЫ ДРУГИХ КЛАССИФИКАЦИЙ |
| Индекс |
Ч711.259я43 |
| 686 1# - ИНДЕКСЫ ДРУГИХ КЛАССИФИКАЦИЙ |
| Индекс |
Ч421.382.59я43 |
| 686 1# - ИНДЕКСЫ ДРУГИХ КЛАССИФИКАЦИЙ |
| Индекс |
Ч735.11я43 |
| 686 1# - ИНДЕКСЫ ДРУГИХ КЛАССИФИКАЦИЙ |
| Индекс |
Ч734(2Р-4Тю-6Х)7я43 |
| 702 #1 - ИМЯ ЛИЦА - ВТОРИЧНАЯ ОТВЕТСТВЕННОСТЬ |
| Начальный элемент ввода |
Голикова |
| Часть имени, кроме начального элемента ввода |
И. Е. |
| Код отношения |
Составитель |
| 711 12 - НАИМЕНОВАНИЕ ОРГАНИЗАЦИИ - АЛЬТЕРНАТИВНАЯ ОТВЕТСТВЕННОСТЬ |
| Начальный элемент ввода |
"Моя Югра", открытый конкурс историко-краеведческих авторских настольных игр и сценариев интеллектуальных игр |
| Место проведения временной организации |
Югорск |
| Дата проведения временной организации |
2023-2024 |
| Системный номер авторитетной/нормативной записи |
2643081 |
| Идентификатор авторитетной/нормативной записи |
RU\NLR\AUTH\880615723 |
| 712 02 - НАИМЕНОВАНИЕ ОРГАНИЗАЦИИ - ВТОРИЧНАЯ ОТВЕТСТВЕННОСТЬ |
| Код отношения |
Организатор конференции |
| Начальный элемент ввода |
"Доброе сердце", центр социально-полезных услуг |
| Идентифицирующий признак |
Югорск |
| Системный номер авторитетной/нормативной записи |
2643083 |
| Идентификатор авторитетной/нормативной записи |
RU\NLR\AUTH\880615724 |
| 942 ## - ДОПОЛНИТЕЛЬНЫЕ ЭЛЕМЕНТЫ ЗАПИСИ (АБИС) |
| Тип экземпляра АБИС |
Книга |
| 980 ## - КОЛЛЕКЦИЯ |
| Название коллекции |
Национальная библиография |